[Event "Moscow-A"]
[Site "Moscow RUS"]
[Date "1987.??.??"]
[Round "?"]
[White "Lerner, Konstantin Z"]
[Black "Romanishin, Oleg M"]
[Result "1/2-1/2"]
[WhiteElo "2555"]
[BlackElo "2570"]
[PlyCount "100"]
[EventDate "1987.06.??"]
[Source "www.chesslib.no"]
[SourceDate "2004.05.04"]

1. d4 Nf6 2. c4 g6 3. Nc3 d5 4. Bf4 c6 5. e3 Bg7 6. Nf3 O-O 7. Be2 Be6 8. Ng5 Bf5 9. O-O Qb6 10. Na4 Qa5 11. Nc5 b6 12. Nb3 Qa4 13. Nd2 Qb4 14. Qc1 Nbd7 15. a3 Qa4 16. b3 Qa6 17. Qd1 dxc4 18. e4 h6 19. Nxf7 Be6 20. Nxh6+ Kh7 21. Ng4 Bxg4 22. Bxg4 c3 23. Nf3 Nxe4 24. Bxd7 Qb7 25. Ne5 Bxe5 26. Bxe5 Qxd7 27. f3 Nd2 28. Re1 Qd5 29. Rc1 Qxb3 30. Qe2 Rf5 31. Qd3 Qc4 32. Qxc3 Qxc3 33. Rxc3 c5 34. Rd1 Rd8 35. f4 Ne4 36. Rh3+ Rh5 37. Rxh5+ gxh5 38. Re1 Nd2 39. dxc5 bxc5 40. Bc3 Kg6 41. Rxe7 Nb1 42. Be5 Nxa3 43. Rxa7 Nc4 44. Rc7 Nxe5 45. fxe5 Rd5 46. e6 Re5 47. e7 Kf7 48. h4 Rxe7 49. Rxc5 Kg6 50. Rc6+ Kg7 1/2-1/2

[Event "TCh-CZE 2002-3"]
[Site "Czech Rep"]
[Date "2003.04.12"]
[Round "10"]
[White "Ftacnik, Lubomir"]
[Black "Jansa, Vlastimil"]
[Result "1-0"]
[WhiteElo "2616"]
[BlackElo "2504"]
[PlyCount "149"]
[EventDate "2003.01.01"]
[Source "Roberto Alvarez"]
[SourceDate "2003.04.28"]

1. d4 Nf6 2. Nf3 g6 3. c4 Bg7 4. Nc3 d5 5. Bf4 O-O 6. Rc1 c6 7. e3 Be6 8. Qb3 Qb6 9. Qa3 dxc4 10. Nd2 Qa6 11. Qxa6 Nxa6 12. Bxc4 Bxc4 13. Nxc4 c5 14. dxc5 Nxc5 15. Ke2 Rac8 16. Be5 Ncd7 17. Bxf6 Nxf6 18. b3 Rc5 19. a4 Rfc8 20. Rhd1 Kf8 21. h3 Ne8 22. Ne4 R5c7 23. Rd3 h6 24. g4 Nf6 25. Nxf6 Bxf6 26. Rcd1 Kg7 27. Rd8 Rxd8 28. Rxd8 b6 29. Rd5 e6 30. Rd3 Be7 31. f4 g5 32. Kf3 Bc5 33. Ke4 Kf6 34. Rd8 Be7 35. Rg8 Bb4 36. Rh8 Kg7 37. Rd8 Be7 38. Rd3 Bb4 39. Ne5 Kf6 40. Nc4 Ke7 41. f5 Kf6 42. fxe6 Kxe6 43. Rd8 Re7 44. Rd5 f6 45. Rd8 h5 46. Rh8 hxg4 47. hxg4 Rd7 48. Rc8 Bc5 49. Rc6+ Kf7 50. a5 Rd1 51. axb6 axb6 52. Nxb6 Bxb6 53. Rxb6 Rg1 54. Kf5 Rf1+ 55. Ke4 Rb1 56. b4 Rb3 57. Kf3 Rb1 58. b5 Rf1+ 59. Kg2 Re1 60. Kf2 Rb1 61. Rb8 Ke6 62. b6 Kd5 63. b7 Kc6 64. Rf8 Rxb7 65. Rxf6+ Kd5 66. Rf5+ Ke4 67. Rxg5 Rf7+ 68. Kg3 Rf3+ 69. Kh4 Rxe3 70. Ra5 Re1 71. Kh5 Kf4 72. Rf5+ Kg3 73. g5 Rh1+ 74. Kg6 Kg4 75. Ra5 1-0

[Event "Yerevan op"]
[Site "Yerevan"]
[Date "1996.??.??"]
[Round "5"]
[White "Razuvaev, Yuri S"]
[Black "Sturua, Zurab"]
[Result "1/2-1/2"]
[WhiteElo "2580"]
[BlackElo "2540"]
[PlyCount "28"]
[EventDate "1996.??.??"]
[Source "www.chesslib.no"]
[SourceDate "2004.05.04"]

1. d4 Nf6 2. c4 c6 3. Nf3 d5 4. Qc2 g6 5. Bf4 Bg7 6. e3 O-O 7. Nc3 Be6 8. Ng5 Bf5 9. Qb3 Qb6 10. Be2 Nbd7 11. Nf3 Bg4 12. cxd5 Nxd5 13. Nxd5 cxd5 14. Qxb6 Nxb6 1/2-1/2

[Event "Minsk op"]
[Site "Minsk"]
[Date "1996.??.??"]
[Round "3"]
[White "Vasilevich, Tatjana"]
[Black "Basirov, Rinat"]
[Result "1-0"]
[WhiteElo "2560"]
[BlackElo "2560"]
[PlyCount "119"]
[EventDate "1996.??.??"]
[Source "www.chesslib.no"]
[SourceDate "2004.05.04"]

1. d4 Nf6 2. c4 g6 3. Nc3 d5 4. Bf4 Bg7 5. Nf3 O-O 6. Rc1 c6 7. e3 Be6 8. Ng5 Bf5 9. h3 Qb6 10. Qb3 Na6 11. g4 Bd7 12. Be2 dxc4 13. Bxc4 Qxb3 14. Bxb3 Rac8 15. O-O c5 16. Rfd1 cxd4 17. exd4 h6 18. Nf3 g5 19. Be3 Rfd8 20. Ne5 Be8 21. f4 gxf4 22. Bxf4 Kf8 23. Kf2 Nb4 24. Ke3 e6 25. a3 Nc6 26. Ba2 Ne7 27. Bb3 Nc6 28. Ba2 Nd7 29. Nxc6 Rxc6 30. d5 exd5 31. Bxd5 Ra6 32. Bxb7 Re6+ 33. Kf3 Be5 34. Be4 Bxf4 35. Kxf4 Rc8 36. Bf5 Rc4+ 37. Ne4 Rxc1 38. Rxc1 Rb6 39. b4 Nf6 40. Nxf6 Rxf6 41. Ke5 Ra6 42. Rc3 Ke7 43. Bc8 Rb6 44. Rc5 Kd8 45. Kd5 Rf6 46. Bf5 Ra6 47. b5 Rb6 48. a4 Rb8 49. Ke5 a6 50. bxa6 f6+ 51. Kd4 Ra8 52. Bd3 Bxa4 53. Rh5 Ke7 54. Rxh6 Rd8+ 55. Ke3 Bc6 56. g5 Bg2 57. gxf6+ Ke6 58. Bc4+ Kf5 59. f7 Kg5 60. Re6 1-0

[Event "Nassau CC-ch"]
[Site "?"]
[Date "2001.11.05"]
[Round "4"]
[White "Novikov Igor A"]
[Black "Bonin Jay R"]
[Result "1/2-1/2"]
[WhiteElo "2681"]
[BlackElo "2435"]
[PlyCount "82"]
[EventDate "2001.??.??"]
[Source "www.chesslib.no"]
[SourceDate "2004.05.04"]

1. d4 d5 2. c4 c6 3. Nf3 Nf6 4. Qc2 g6 5. Bf4 Bg7 6. e3 O-O 7. Nc3 Na6 8. Be2 dxc4 9. Bxc4 Nb4 10. Qb3 Nbd5 11. Bg3 Nxc3 12. bxc3 Ne4 13. O-O b5 14. Be2 Bg4 15. Rfd1 Qa5 16. Rac1 Rac8 17. Bd3 Nxg3 18. hxg3 a6 19. Qb4 Qxb4 20. cxb4 Rfd8 21. Be4 Bxf3 22. gxf3 e5 23. Rxc6 Rxc6 24. Bxc6 exd4 25. exd4 Bxd4 26. Kf1 Bb6 27. Rxd8+ Bxd8 28. Ke2 g5 29. g4 Kg7 30. Kd3 Bb6 31. a3 Kf6 32. Bb7 a5 33. Bc6 axb4 34. axb4 Bxf2 35. Bxb5 Be1 36. Kc4 Ke5 37. Bc6 f5 38. Bd7 fxg4 39. fxg4 Bxb4 40. Kxb4 Kf4 41. Kc5 Kg3 1/2-1/2

[Event "RUS-ch51"]
[Site "St Petersburg"]
[Date "1998.08.03"]
[Round "7"]
[White "Filippov, Valerij"]
[Black "Popov, Valerij"]
[Result "0-1"]
[WhiteElo "2595"]
[BlackElo "2520"]
[PlyCount "100"]
[EventDate "1998.07.28"]
[Source "ChessBase"]
[SourceDate "1998.11.30"]

1. d4 d5 2. Nf3 c6 3. c4 Nf6 4. Qc2 g6 5. Bf4 Bg7 6. e3 O-O 7. Nc3 c5 8. dxc5 Qa5 9. Qb3 Na6 10. Qb5 Qxb5 11. Nxb5 Bd7 12. Be5 Bxb5 13. cxb5 Nxc5 14. Be2 Nfe4 15. Bxg7 Kxg7 16. Nd4 Rac8 17. f3 Nd6 18. Kd2 Na4 19. Rab1 Rfd8 20. Rhc1 Rxc1 21. Kxc1 e5 22. Nc2 Kf6 23. Nb4 Ke6 24. Kd2 Rc8 25. Bd3 e4 26. Be2 exf3 27. gxf3 Nc4+ 28. Kd3 Nc5+ 29. Kd4 Nd6 30. Kc3 Na6+ 31. Kb3 Nxb4 32. Kxb4 Rc2 33. Bd1 Rxh2 34. Bb3 h5 35. Kc5 Nc4 36. e4 b6+ 37. Kc6 Na5+ 38. Kc7 Nxb3 39. axb3 dxe4 40. fxe4 Rh3 41. Kb7 Rxb3 42. Kxa7 Rxb5 43. b4 h4 44. Ka6 Rh5 45. Kxb6 h3 46. b5 g5 47. Kc7 h2 48. Rh1 g4 49. b6 g3 50. b7 Rb5 0-1

[Event "Beer Sheva g/30'"]
[Site "Beer Sheva"]
[Date "2004.04.18"]
[Round "2"]
[White "Golod, Vitali"]
[Black "Roiz, Michael"]
[Result "1/2-1/2"]
[WhiteElo "2552"]
[BlackElo "2563"]
[PlyCount "120"]
[EventDate "2004.04.18"]
[Source "ChessBase"]
[SourceDate "2004.07.27"]

1. d4 Nf6 2. c4 g6 3. Nc3 d5 4. Bf4 Bg7 5. e3 c6 6. Nf3 O-O 7. h3 Ne4 8. Rc1 Nxc3 9. bxc3 Be6 10. Qb3 Qc8 11. Be2 dxc4 12. Bxc4 Bxc4 13. Qxc4 Nd7 14. O-O c5 15. a4 e6 16. a5 Qc6 17. Rb1 b6 18. Rfd1 Rfc8 19. axb6 Nxb6 20. Qd3 Nd5 21. Be5 cxd4 22. cxd4 a5 23. Bxg7 Kxg7 24. e4 Nb4 25. Qe3 Qd6 26. Rdc1 Rxc1+ 27. Rxc1 Ra7 28. d5 Rc7 29. Rxc7 Qxc7 30. Qd4+ f6 31. dxe6 Qc1+ 32. Kh2 Qf4+ 33. Kh1 Qc1+ 34. Ng1 Qc7 35. f4 Qe7 36. f5 Nc6 37. Qd5 Qc7 38. Qb5 Ne5 39. Qe8 Nc6 40. Nf3 a4 41. Qa8 Na7 42. Qe8 Nc6 43. Qa8 Na7 44. Qd5 a3 45. Qb3 Qc1+ 46. Kh2 Qf4+ 47. Kh1 Qc1+ 48. Kh2 Qf4+ 49. g3 Qxe4 50. Qxa3 Nc6 51. fxg6 hxg6 52. Qb3 Nd8 53. Kg2 Nxe6 54. Kf2 Nc5 55. Qe3 Qc2+ 56. Nd2 Nd3+ 57. Ke2 Ne5 58. Qa7+ Kh6 59. Qe3+ Kg7 60. Qa7+ Nf7 1/2-1/2

[Event "2nd Leonine GM"]
[Site "Dhaka"]
[Date "2004.05.20"]
[Round "3"]
[White "Nguyen Anh Dung"]
[Black "Fominyh, Alexander"]
[Result "1-0"]
[WhiteElo "2535"]
[BlackElo "2579"]
[PlyCount "105"]
[EventDate "2004.05.18"]
[Source "Roberto Alvarez"]
[SourceDate "2004.06.13"]

1. d4 Nf6 2. c4 g6 3. Nc3 d5 4. Nf3 Bg7 5. Bf4 O-O 6. e3 c5 7. dxc5 Qa5 8. Rc1 dxc4 9. Bxc4 Qxc5 10. Bb3 Qa5 11. O-O Na6 12. Qe2 Nc5 13. Bc4 Be6 14. Nd4 Bxc4 15. Qxc4 Ncd7 16. b4 Qh5 17. Bg3 Nb6 18. Qc7 Nfd5 19. Qxb7 Nxb4 20. Qxe7 Nd3 21. Rcd1 Nc5 22. Ne4 Nxe4 23. Qxe4 Qa5 24. Qb1 Na4 25. Qb5 Qxb5 26. Nxb5 a6 27. Nc7 Ra7 28. Rd2 Rc8 29. Nd5 h6 30. h3 Rb7 31. Kh2 Rc4 32. f3 a5 33. e4 Rb2 34. Rff2 Rc1 35. Rxb2 Nxb2 36. e5 Nc4 37. Re2 g5 38. f4 gxf4 39. Bxf4 Rd1 40. Nf6+ Bxf6 41. exf6 Kh7 42. Re4 Nb6 43. Bc7 Nd5 44. Bxa5 Kg6 45. a4 Kxf6 46. Re1 Rd3 47. Ra1 Ke6 48. Be1 Ne3 49. a5 Nc2 50. Rc1 Nxe1 51. Rxe1+ Kd7 52. Rf1 Rd5 53. Rxf7+ 1-0

[Event "Copenhagen BSF"]
[Site "Copenhagen"]
[Date "1995.??.??"]
[Round "4"]
[White "Pinter, Jozsef"]
[Black "Leko, Peter"]
[Result "1/2-1/2"]
[WhiteElo "2555"]
[BlackElo "2555"]
[PlyCount "42"]
[EventDate "1995.03.??"]
[Source "ChessBase"]

1. d4 Nf6 2. c4 g6 3. Nc3 d5 4. Bf4 Bg7 5. e3 c5 6. dxc5 Qa5 7. Rc1 dxc4 8. Bxc4 O-O 9. Nf3 Qxc5 10. Bb3 Qa5 11. O-O Nc6 12. h3 Bf5 13. Nd4 Bd7 14. Bh2 Rac8 15. Qe2 Rfd8 16. Rfd1 Be8 17. Qb5 Qxb5 18. Ndxb5 Kf8 19. g4 h6 20. Bg3 Rd7 21. Rxd7 Nxd7 1/2-1/2

[Event "MK Cafe Cup-A"]
[Site "Koszalin"]
[Date "1999.08.12"]
[Round "9"]
[White "Volzhin, Alexander"]
[Black "Oral, Tomas"]
[Result "1/2-1/2"]
[WhiteElo "2569"]
[BlackElo "2541"]
[PlyCount "55"]
[EventDate "1999.08.03"]
[Source "ChessBase"]
[SourceDate "1999.12.01"]

1. d4 Nf6 2. c4 g6 3. Nc3 d5 4. Bf4 Bg7 5. e3 c5 6. dxc5 Qa5 7. Rc1 dxc4 8. Bxc4 O-O 9. Nf3 Qxc5 10. Bb3 Nc6 11. O-O Qa5 12. h3 Bf5 13. Qe2 Ne4 14. Nd5 e5 15. Bh2 Be6 16. Rfd1 Rfd8 17. Qc4 Nf6 18. e4 Rac8 19. Qc5 Qxc5 20. Rxc5 Nxe4 21. Rxc6 Rxc6 22. Ne7+ Kf8 23. Nxc6 Rxd1+ 24. Bxd1 bxc6 25. Bc2 Nc5 26. Nxe5 Bxa2 27. Nxc6 Bb3 28. Bxb3 1/2-1/2

[Event "Moscow-A"]
[Site "Moscow"]
[Date "1989.??.??"]
[Round "?"]
[White "Vyzmanavin, Alexey"]
[Black "Murey, Jacob"]
[Result "1/2-1/2"]
[WhiteElo "2550"]
[BlackElo "2560"]
[PlyCount "85"]
[EventDate "1989.05.??"]
[Source "ChessBase"]

1. d4 d5 2. c4 c6 3. Nf3 Nf6 4. Qc2 g6 5. Bf4 Bg7 6. e3 O-O 7. Nc3 Na6 8. Be2 c5 9. Rd1 Qa5 10. O-O cxd4 11. exd4 dxc4 12. Bxc4 Bg4 13. Rfe1 e6 14. Qb3 Bxf3 15. gxf3 Rac8 16. Nb5 Nh5 17. Be3 Nc7 18. Nd6 Rb8 19. Bd2 Qb6 20. Qxb6 axb6 21. Bg5 Bf6 22. Be3 Rfd8 23. Ne4 Bg7 24. Rd3 Rbc8 25. Red1 Ne8 26. Bb3 Nef6 27. Nc3 Nd5 28. Nxd5 exd5 29. Rc3 Nf6 30. Rdc1 Rxc3 31. bxc3 h6 32. Rb1 Rc8 33. Bd2 g5 34. Bd1 Rc6 35. Rb5 Bf8 36. Bb3 Bd6 37. Bxd5 Nxd5 38. Rxd5 Bf4 39. Bxf4 gxf4 40. Rb5 Rxc3 41. Rxb6 Rd3 42. Rxb7 Rxd4 43. Ra7 1/2-1/2

[Event "BSF"]
[Site "Copenhagen BSF"]
[Date "1995.??.??"]
[Round "4"]
[White "Pinter, Jozsef"]
[Black "Leko, Peter"]
[Result "1/2-1/2"]
[WhiteElo "2555"]
[BlackElo "2555"]
[PlyCount "42"]
[EventDate "1995.??.??"]
[Source "www.chesslib.no"]
[SourceDate "2004.05.04"]

1. d4 Nf6 2. c4 g6 3. Nc3 d5 4. Bf4 Bg7 5. e3 c5 6. dxc5 Qa5 7. Rc1 dxc4 8. Bxc4 O-O 9. Nf3 Qxc5 10. Bb3 Qa5 11. O-O Nc6 12. g3 Bf5 13. Nh4 Bd7 14. Bc7 Rad8 15. Bb6 h5 16. Kg2 e5 17. Qd5 Qc5 18. Nd1 Ra8 19. f3 Bc8 20. Kf2 Qb5 21. Qd2 Ne7 1/2-1/2

[Event "Andorra Open"]
[Site "Andorra"]
[Date "1995.??.??"]
[Round "8"]
[White "Komarov, Dimitri"]
[Black "Jansa, Vlastimil"]
[Result "1/2-1/2"]
[WhiteElo "2575"]
[BlackElo "2525"]
[PlyCount "65"]
[EventDate "1995.06.??"]
[Source "www.chesslib.no"]
[SourceDate "2004.05.04"]

1. d4 Nf6 2. c4 g6 3. Nc3 d5 4. Bf4 Bg7 5. Rc1 O-O 6. e3 c6 7. Nf3 Be6 8. Be2 dxc4 9. Ng5 Bd5 10. e4 h6 11. exd5 hxg5 12. dxc6 Nxc6 13. Bxg5 Nxd4 14. Bxc4 Rc8 15. Qd3 Nd7 16. Bd5 Qa5 17. Be3 Nf5 18. O-O Nxe3 19. fxe3 Ne5 20. Qe4 b5 21. Bb3 e6 22. Rc2 Qb6 23. Kh1 Rcd8 24. Qh4 Qxe3 25. Re2 Rd4 26. Qe1 Qg5 27. Ne4 Qe7 28. Qg3 Rfd8 29. h3 Rd3 30. Qf4 R3d4 31. Qg3 Rd3 32. Qf4 R3d4 33. Ng3 1/2-1/2

[Event "Thessaloniki ol (Men)"]
[Site "Thessaloniki GRE"]
[Date "1988.??.??"]
[Round "9"]
[White "Gheorghiu, Florin"]
[Black "Ljubojevic, Ljubomir"]
[Result "1/2-1/2"]
[WhiteElo "2485"]
[BlackElo "2610"]
[PlyCount "30"]
[EventDate "1988.11.??"]
[Source "www.chesslib.no"]
[SourceDate "2004.05.04"]

1. d4 d5 2. Nf3 Nf6 3. c4 c6 4. Qb3 g6 5. Bf4 Bg7 6. e3 O-O 7. Nc3 e6 8. Be2 Nbd7 9. O-O Re8 10. Ne5 Nxe5 11. Bxe5 b6 12. Rfd1 Re7 13. Rac1 Bb7 14. h3 Rd7 15. cxd5 exd5 1/2-1/2

[Event "Bundesliga 9293"]
[Site "Germany"]
[Date "1993.??.??"]
[Round "?"]
[White "Ftacnik, Lubomir"]
[Black "Krasenkow, Michal"]
[Result "1/2-1/2"]
[WhiteElo "2535"]
[BlackElo "2560"]
[PlyCount "35"]
[EventDate "1992.10.??"]
[Source "ChessBase"]
[SourceDate "1999.07.01"]

1. d4 Nf6 2. c4 g6 3. Nc3 d5 4. Nf3 Bg7 5. Bf4 O-O 6. e3 c5 7. dxc5 Qa5 8. Rc1 dxc4 9. Bxc4 Qxc5 10. Bb3 Nc6 11. O-O Qa5 12. h3 Qa6 13. Ne5 Nxe5 14. Bxe5 Be6 15. Bd4 Rfc8 16. Bxe6 Qxe6 17. Qb3 Qxb3 18. axb3 1/2-1/2

[Event "North American Open"]
[Site "Las Vegas"]
[Date "2003.12.29"]
[Round "5"]
[White "Wojtkiewicz, Aleksander"]
[Black "Tischbierek, Raj"]
[Result "0-1"]
[WhiteElo "2571"]
[BlackElo "2519"]
[PlyCount "62"]
[EventDate "2003.12.26"]
[Source "Roberto Alvarez"]
[SourceDate "2004.01.19"]

1. Nf3 d5 2. d4 Nf6 3. c4 c6 4. Qc2 g6 5. Bf4 Bg7 6. e3 O-O 7. Nc3 a6 8. Bd3 b5 9. cxd5 cxd5 10. a4 Nc6 11. Qd2 Nb4 12. O-O Nxd3 13. Qxd3 b4 14. Na2 a5 15. Rfc1 Ba6 16. Qd1 Rc8 17. Rxc8 Bxc8 18. Rc1 Bg4 19. Bc7 Qd7 20. Bxa5 Ne4 21. Rc7 Qf5 22. h3 Bh5 23. Nxb4 Ng5 24. Nh4 Nxh3+ 25. Kh2 Qxf2 26. Qc2 Qxe3 27. Nxd5 Qxd4 28. Nxe7+ Kh8 29. Bc3 Be5+ 30. g3 Qg1+ 31. Kxh3 Qxg3# 0-1

[Event "Reykjavik"]
[Site "Reykjavik"]
[Date "1987.??.??"]
[Round "?"]
[White "Hjartarson, Johann"]
[Black "Petursson, Margeir"]
[Result "0-1"]
[WhiteElo "2555"]
[BlackElo "2535"]
[PlyCount "124"]
[EventDate "1987.02.??"]
[Source "ChessBase"]

1. d4 d5 2. c4 c6 3. Nf3 Nf6 4. Qc2 g6 5. Bf4 Bg7 6. e3 O-O 7. Nc3 Qa5 8. a3 c5 9. dxc5 Nc6 10. Rc1 dxc4 11. Bxc4 Qxc5 12. Nb5 Qh5 13. Nc7 Rb8 14. O-O Bg4 15. Nd4 Nxd4 16. exd4 Rbd8 17. d5 Bh6 18. Bxh6 Qxh6 19. Qb3 Bc8 20. Rfe1 a6 21. a4 Qd2 22. Qc3 Qxc3 23. Rxc3 Rd7 24. Bb3 Rfd8 25. a5 Kf8 26. h3 Rd6 27. Rce3 Bd7 28. Rc3 h5 29. Ba2 Bf5 30. b4 Be4 31. Rc5 Bxd5 32. Nxd5 Nxd5 33. b5 Nb4 34. Bc4 axb5 35. Rxb5 Nc2 36. Re4 f5 37. Re6 Na3 38. Rxd6 exd6 39. Rb4 Nxc4 40. Rxc4 Ke7 41. f4 Kd7 42. Kf2 Ra8 43. Rb4 Kc6 44. Rb6+ Kc7 45. Rb5 Ra6 46. Kg3 Kc6 47. Rb2 Rxa5 48. Kh4 d5 49. Kg5 d4 50. Kxg6 d3 51. Kxh5 Rd5 52. Rb1 d2 53. Rd1 Kc5 54. Kg6 Kc4 55. g4 fxg4 56. hxg4 Kd3 57. f5 Kc2 58. Rh1 d1=Q 59. Rxd1 Rxd1 60. f6 b5 61. g5 b4 62. f7 Rf1 0-1

[Event "Warsaw zt final"]
[Site "Warsaw"]
[Date "1979.??.??"]
[Round "2"]
[White "Gheorghiu, Florin"]
[Black "Smejkal, Jan"]
[Result "1/2-1/2"]
[WhiteElo "2540"]
[BlackElo "2550"]
[PlyCount "23"]
[EventDate "1979.01.??"]
[Source "ChessBase"]

1. d4 Nf6 2. c4 g6 3. Nc3 d5 4. Bf4 Bg7 5. e3 c5 6. dxc5 Qa5 7. Rc1 dxc4 8. Bxc4 O-O 9. Nf3 Qxc5 10. Nb5 Be6 11. Bxe6 Qxb5 12. Bc4 1/2-1/2